LEADER 01473nam2 2200337 450 001 000018109 005 20050718115700.0 100 $a20050315d1976----km-y0itay0103----ba 101 0 $aita 102 $aIT 200 1 $a<> pił antico elenco di chierici della diocesi ambrosiana ed altre aggiunte al Decretum di Burcardo in un codice della Biblioteca Ambrosiana (E144 sup.). Una voce della polemica antipatarinica?$fAnnamaria Ambrosioni 210 $aMilano$d1976 215 $aP. 275-320$d24 cm. 300 $aEstratto da: Aevum (1976) 461 1$1001000018105$12001$aMiscellanea Ambrosioni 700 1$aAmbrosioni,$bAnnamaria$0173878 801 0$aIT$bUniversitą della Basilicata - B.I.A.$gRICA$2unimarc 912 $a000018109 996 $aPił antico elenco di chierici della diocesi ambrosiana ed altre aggiunte al Decretum di Burcardo in un codice della Biblioteca Ambrosiana (E144 sup.). Una voce della polemica antipatarinica$91527299 997 $aUNIBAS BAS $aMONLET BAS $aLETTERE CAT $aTROMBONE$b21$c20050315$lBAS01$h1619 CAT $aTROMBONE$b21$c20050315$lBAS01$h1723 CAT $c20050601$lBAS01$h1756 CAT $abatch$b01$c20050718$lBAS01$h1053 CAT $c20050718$lBAS01$h1112 CAT $c20050718$lBAS01$h1142 CAT $c20050718$lBAS01$h1157 FMT Z30 -1$lBAS01$LBAS01$mBOOK$1BASA1$APolo Storico-Umanistico$2GEN$BCollezione generale$3FM/103196$6103196$5L103196$820050317$f98$FConsultazione LEADER 00994nam--2200373---450 001 990001294510203316 005 20221108085617.0 010 $a88-424-9309-0 035 $a000129451 035 $aUSA01000129451 035 $a(ALEPH)000129451USA01 035 $a000129451 100 $a20031202d1996----km-y0itay0103----ba 101 $aita 102 $aIT 105 $a||||||||001yy 200 1 $aEstetica$ei nomi, i concetti, le correnti$fElio Franzini e Maddalena Mazzocut-Mis 210 $aMilano$cMondadori$d1996 215 $aXII, 468 p.$d21 cm 225 2 $aSintesi 410 0$12001$aSintesi 454 1$12001 461 1$1001-------$12001 606 0 $aBello 676 $a111.85 700 1$aFRANZINI,$bElio$010938 701 1$aMAZZOCUT-MIS,$bMaddalena$039182 801 0$aIT$bsalbc$gISBD 912 $a990001294510203316 951 $aXVII A.A. 3659$b3793 DLAS$cXVII A.A.$d539292 959 $aBK 969 $aCAS 996 $aEstetica$9563279 997 $aUNISA